01000nas a2200241Ia 4500001001100000003000900011008004100020040001300061040001300074041001300087100003800100210001300138222001300151245010900164250001100273260003100284501008600315300001100401310001200412362003600424500026200460650003600722R420/F5027IT-RoPAU151124c99999999xx |||||||||||| ||und|| aIT-RoPAU cIT-RoPAU aITALIANO aAA.VV. gCodice Aut. SPICS: 12000 aROCKSTAR aRockstar aROCKSTAR NUOVA SERIE, ANNO 06-N.09 (SETTEMBRE 1998)bRockstar Nuova Serie, Anno 06-N.09 (Settembre 1998) a1a ed. aROMAbS.E.P.ADVERSALc1998 bPaulus - SPICS - Società San Paolo EM (non-commercial uses only)cCopyright2015 a130 p. aMENSILE aANNO 006, N.09 (SETTEMBRE 1998) aAttualità: R.E.M., Heavy Rotation, Alternative Energy, Des'Ree, Hinda Hicks, Billie Myers, Transister, Neil Finn, Bran Van 3000. Cinestar: Armageddon, X-File Film, Godzilla. Depeche Mode: Faith & Ovation di S. Woldach. Musica in Brasile: Wonderbra di F. M aMUSICAvPUBBLICAZIONE PERIODICA